00000000nam##2200000za#4500
0019.577672
003CaOODSP
00520210624185725
007cr |||||||||||
008150406|1981||||xxc|||||o    f|0| 0 eng|d
022 |a1488-5379
040 |aCaOODSP|beng
043 |an-cn---
0861 |aFs97-6/1042E-PDF
1101 |aCanada. |bDepartment of Fisheries and Oceans.
24510|aNotes on the bearded seal, Erignathus barbatus, in the Canadian Arctic / |h[electronic resource]|cby Thomas G. Smith.
260 |aSainte-Anne-de-Bellevue - Quebec : |bFisheries and Oceans Canada |c1981.
300 |a58p.|breferences, tables
4901 |aCanadian technical report of fisheries and aquatic sciences|x1488-5379|vNo. 1042
500 |aOn t.p.: Arctic Biological Station, Ste. Anne de Bellevue, Quebec. The catalogue number and ISSN for the print edition appear in the PDF version.
546 |a(Résumé en français)
590 |a13-24-Supp|b2013-10-18
7201 |aSmith, Thomas G.
830#0|aCanadian technical report of fisheries and aquatic sciences,|x1488-5379|vNo. 1042|w(CaOODSP)9.504449
85640|ahttp://publications.gc.ca|qPDF|s1692 KB|uhttps://publications.gc.ca/collections/collection_2013/mpo-dfo/Fs97-6-1042-eng.pdf|yNo. 1042